Music Quiz

Random Music or Clickable Quiz

Name Dropping Songs Quiz Stats

Quiz Updated Feb 3, 2015

Challenge
Share
Tweet
Embed
Score 0/30 Timer 06:00
38 Plays Today
% Correct
Barbara Ann
92.1%
Monica
85.9%
Erica
84.8%
Jessica
83.4%
Grace Kelly
73.1%
Betty Lou
72.7%
Mary Lou
69.6%
Bette Davis
68.4%
Gus
68%
Roy
67.9%
Greta Garbo
67.8%
Stan
66.7%
Lucifer
65.5%
Arthur Fonzarelli
60.2%
Cleopatra
57.9%
% Correct
Jesus Christ
57.3%
Aphrodite
57.1%
Joan of Arc
56.1%
Captain Kirk
51.5%
Leonard Bernstein
50.2%
Marx
46.7%
Lenin
45.6%
Satan
44.5%
Kirk Douglas
44.3%
Lenny Bruce
44.1%
LeAnn Rimes
42.7%
Leonid Brezhnev
41.4%
Aquaman
40.8%
Kurosawa
36.4%
Pilate
33.7%

You're not logged in!

Compare scores with friends on all Sporcle quizzes.
Join for Free
OR
Log In

You Might Also Like...

Show Comments

Extras

Top Quizzes Today


Score Distribution

Your Account Isn't Verified!

In order to create a playlist on Sporcle, you need to verify the email address you used during registration. Go to your Sporcle Settings to finish the process.

Report this User

Report this user for behavior that violates our Community Guidelines.

Details: